Loreto College Library, Kolkata
WEBOPAC (ONLINE PUBLIC ACCESS CATALOGUE)

Statistics in Psychology and Education, (Record no. 36318)

MARC details
000 -LEADER
fixed length control field 00685nam a2200229Ia 4500
005 - DATE AND TIME OF LATEST TRANSACTION
control field 20240304115744.0
008 - FIXED-LENGTH DATA ELEMENTS--GENERAL INFORMATION
fixed length control field 131103s9999 xx 000 0 und d
020 ## - ISBN | অাই এস বি এন
ISBN | অাই এস বি এন 818925300X
PRICE Rs.125.00
040 ## - CATALOGING SOURCE
Original cataloging agency Loreto College
041 ## - LANGUAGE CODE
Language code English
082 ## - DDC | ডিউই
Classification number | বর্গসংখ্যা 371.26
Book Number | গ্রন্থাঙ্ক GAR
100 ## - MAIN ENTRY--PERSONAL NAME | মুখ্য সংলেখ - ব্যাক্তিনাম
Personal name | ব্যাক্তিনাম Garrett, Henry E.
245 ## - TITLE STATEMENT | অাখ্যা বিবরণী
Title | অাখ্যা Statistics in Psychology and Education,
Statement of responsibility | লেখকের দায়িত্বের বিবরণ Henry E. Garrett
260 ## - IMPRINT | প্রকাশনা ক্ষেত্র
Place of publication | প্রকাশ স্থান New Delhi
Name of publisher | প্রকাশকের নাম Paragon International
Date of publication | প্রকাশ কাল 2009
300 ## - PHYSICAL DESCRIPTION |
Page / Vol. No | পৃষ্ঠা / খন্ড সংখ্যা xii,491p
Other physical details | অনান্য বাহ্যিক বিবরণ graphs, tables
504 ## - BIBLIOGRAPHY, ETC. NOTE
Bibliography, etc Includes bibliographical references and index
650 ## - SUBJECT ADDED ENTRY--TOPICAL TERM | বিষয় শিরোনাম - মূল বিষয়
Topical term | মূল বিষয় Statistics in Education
651 ## - SUBJECT ADDED ENTRY--GEOGRAPHIC NAME | বিষয় শিরোনাম - ভৌগলিক নাম
Geographic name | ভৌগলিক বিষয় Statistics in Psychology
700 ## - ADDED ENTRY--PERSONAL NAME | অতিরিক্ত সংলেখ - ব্
Personal name | ব্যাক্তিনাম Woodworth, R.S.
850 ## - HOLDING INSTITUTION
Holding institution LCLIB
942 ## - ADDED ENTRY ELEMENTS (KOHA)
Koha item type Books
Holdings
Withdrawn status Lost status Source of classification Damaged status Not for loan Home library Current library Date acquired Total Checkouts Full call number Accession No. Date last seen Date checked out Price effective from Koha item type Coded location qualifier Shelving location
    Dewey Decimal Classification     Loreto College Loreto College 04/11/2013 3 371.26 GAR 47806 B39316 25/11/2024 11/11/2024 04/11/2013 Books    
    Dewey Decimal Classification     Loreto College Loreto College 04/11/2013   371.26 GAR 47807 B39317 04/11/2013   04/11/2013 Books   Seminar Library